E-business developments in the Irish agribusiness industry (Record no. 74648)

MARC details
000 -LEADER
fixed length control field 01636cab a2200253 4500
001 - CONTROL NUMBER
control field ABS68576
008 - FIXED-LENGTH DATA ELEMENTS--GENERAL INFORMATION
fixed length control field 041203n2004 000 0 eng u
035 ## - SYSTEM CONTROL NUMBER
System control number (Sirsi) u128196
100 ## - MAIN ENTRY--PERSONAL NAME
Personal name Brandon, P.
245 ## - TITLE STATEMENT
Title E-business developments in the Irish agribusiness industry
260 ## - PUBLICATION, DISTRIBUTION, ETC.
Date of publication, distribution, etc. 2004
490 ## - SERIES STATEMENT
Series statement Farm Management
Volume/sequential designation 12(2) October 2004, 105-113(9)
520 ## - SUMMARY, ETC.
Summary, etc. Ireland's prominence in the technological sector has had an impact on more traditional businesses. A survey of Irish agribusinesses found that 55% had a website. The reasons given by respondents for developing a website included the need to improve their promotions strategy and it's use as a key method for external communication with customers. The use of ebusiness in the supply side was not considered as important with only 20% reporting that eprocurement was an important issue. About two thirds said the main obstacle to continued ebusiness growth was that customers were not ready for ebusiness. The costs of developing a website and a lack of technological skills were also seen as inhibiting factors. Eighty-five percent of businesses without a website intended to develop one, while 72% believed that ebusiness would change the way their industry would do business in the next five to seven years. References. [Taken from journal abstract].
590 ## - LOCAL NOTE (RLIN)
Local note ABS
650 ## - SUBJECT ADDED ENTRY--TOPICAL TERM
Topical term or geographic name entry element E-COMMERCE
650 ## - SUBJECT ADDED ENTRY--TOPICAL TERM
Topical term or geographic name entry element FARM BUSINESSES
650 ## - SUBJECT ADDED ENTRY--TOPICAL TERM
Topical term or geographic name entry element MANAGEMENT-BUSINESS MANAGEMENT-INFORMATION MANAGEMENT
650 ## - SUBJECT ADDED ENTRY--TOPICAL TERM
Topical term or geographic name entry element IRELAND
690 ## - LOCAL SUBJECT ADDED ENTRY--TOPICAL TERM (OCLC, RLIN)
Topical term or geographic name as entry element RURAL-FARM BUSINESS MANAGEMENT
700 ## - ADDED ENTRY--PERSONAL NAME
Personal name O'Connell, J.
700 ## - ADDED ENTRY--PERSONAL NAME
Personal name Ruane
-- .
700 ## - ADDED ENTRY--PERSONAL NAME
Personal name Wims, P.
942 ## - ADDED ENTRY ELEMENTS (KOHA)
Suppress in OPAC 0
Holdings
Withdrawn status Lost status Source of classification or shelving scheme Damaged status Not for loan Home library Current library Shelving location Date acquired Total Checkouts Full call number Barcode Date last seen Copy number Price effective from Koha item type
    Dewey Decimal Classification     London London Journal article 03/12/2004   ABS68576 128196-1001 06/08/2019 1 06/08/2019 Journal article